|
|
|
|
| LEADER |
00000nam0a2200000 4500 |
| 001 |
25283 |
| 005 |
20231030200851.0 |
| 010 |
|
|
|a 5899590785
|
| 035 |
|
|
|a (RuTPU)RU\TPU\book\25519
|
| 035 |
|
|
|a BOOK00025594
|
| 090 |
|
|
|a 25283
|
| 100 |
|
|
|a 20011209d2000 km y0rusy50 ca
|
| 101 |
0 |
|
|a rus
|
| 102 |
|
|
|a RU
|
| 105 |
|
|
|a а z 000zy
|
| 200 |
1 |
|
|a Носители информации в цифровом веке
|f В. И. Левин
|
| 210 |
|
|
|a Москва
|c Компьютер-Пресс
|d 2000
|
| 215 |
|
|
|a 256 с.
|c ил.
|
| 610 |
1 |
|
|a программирование
|
| 610 |
1 |
|
|a запоминающие устройства
|
| 610 |
1 |
|
|a информация
|
| 610 |
1 |
|
|a носители
|
| 610 |
1 |
|
|a магнитные носители
|
| 610 |
1 |
|
|a жесткие диски
|
| 610 |
1 |
|
|a винчестеры
|
| 610 |
1 |
|
|a оптические носители
|
| 610 |
1 |
|
|a ленточные накопители
|
| 610 |
1 |
|
|a цифровые технологии
|
| 610 |
1 |
|
|a искусственный интеллект
|
| 610 |
1 |
|
|a живая природа
|
| 610 |
1 |
|
|a память
|
| 610 |
1 |
|
|a изображение
|
| 610 |
1 |
|
|a записи
|
| 675 |
|
|
|a 681.327.6
|v 3
|
| 700 |
|
1 |
|a Левин
|b В. И.
|g Владимир Ильич
|
| 801 |
|
0 |
|a RU
|b 63413507
|c 20011209
|g PSBO
|
| 801 |
|
2 |
|a RU
|b 63413507
|c 20031029
|g PSBO
|
| 942 |
|
|
|c BK
|